Statistiques concernant Les 30 pays les plus démocratiques

Cliquez ici pour prendre le quiz!

Statistiques générales

  • Ce quiz a été pris 205 fois
  • Le résultat moyen est 24 sur 30

Statistiques - réponses

Indice de démocratie 2019Pays% Correct
8,12France
99%
8,29Espagne
98%
7,96Etats-Unis
98%
9,87Norvège
98%
9,39Suède
98%
9,22Canada
97%
9,22Danemark
97%
9,25Finlande
97%
8,68Allemagne
96%
8,52Royaume-Uni
95%
8,03Portugal
94%
9,03Suisse
94%
9,09Australie
93%
9,01Pays-Bas
93%
9,58Islande
92%
7,99Japon
91%
8,29Autriche
90%
9,24Irlande
89%
9,26Nouvelle-Zélande
89%
8,00Corée du Sud
87%
8,81Luxembourg
87%
7,90Estonie
76%
7,95Malte
66%
7,86Israël
60%
8,08Chili
56%
8,38Uruguay
49%
8,13Costa Rica
45%
8,22Maurice
30%
7,78Cap-Vert
19%
7,81Botswana
16%

Distribution des résultats

Percentile par nombre de réponses

% des personnes avec chaque résultat

Votre développement - résultats

Vous n’avez pas pris ce quiz